Regionen des Kantons Graubünden - Statistiken

Allgemein
  • Dieses Quiz wurde 76 mal gespielt
  • Das Durchschnittsergebnis liegt bei 6 aus 11
Antwortstatistiken
Region % Korrekt
Prättigau/Davos
87%
Surselva
73%
Engiadina Bassa/Val Müstair
65%
Albula
50%
Maloja
50%
Landquart
46%
Plessur
42%
Bernina
40%
Viamala
40%
Imboden
35%
Moesa
35%
Keine übereinstimmenden Quizze gefunden
Verteilung der Resultate
Anzahl Personen mit jedem Resultat
Perzentil nach korrekt beantworteten Fragen
Ihre Resultats-Entwicklung
Sie haben dieses Quiz noch nicht gespielt